000 00561nam a2200217Ia 4500
003 OSt
005 20220923225707.0
006 a|||||r|||| 00| 0
007 ta
008 Pun
024 _a273,596
037 _cTextual
040 _aARTS
_cARTS
_bPun
041 _2Pun
_aPun
082 _aO153.6M83:g, K0;K9
245 0 _aਸਾਹਿਤ ਸਮਾਚਾਰ
_b ਤੇਜਾ ਸਿੰਘ ਅੰਕ
260 _c1969
650 _aਪੰਜਾਬੀ ਸਾਹਿਤ
942 _hO153.6M83:g, K0;K9
_cTEXL
_2CC
999 _c379846
_d379846